| 000 | 00595nam a2200145Ia 4500 | ||
|---|---|---|---|
| 008 | 170221s9999 xx 000 0 und d | ||
| 100 | _aAnas Al-Bakri | ||
| 245 | 4 | _aThe required information and financial statements disclosure in SMEs | |
| 245 | _cAnas Al-Bakri, Qatar University, Doha, Qatar; Mohammed Matar, Middle East University, Amman, Jordan; Abdul Naser I.Nour, Middle East University (MEU) Amman, Jordan. | ||
| 260 | _bJournal of Management and Marketing Research | ||
| 260 | _c2012 | ||
| 300 | _a1 : 2 | ||
| 650 | _xBusiness | ||
| 856 | _uhttp://www.aabri.com/manuscripts/141870.pdf | ||
| 999 |
_c311737 _d311737 |
||